000 00822nam a2200229Ia 4500
003 OSt
005 20221005112221.0
006 a|||||r|||| 00| 0
007 ta
008 221004b |||||||| |||| 00| 0 pan d
020 _a9788171435838 (hbk)
_c150
024 _a3657
037 _b745, 12/03/2013, Bright Book Service
_cTextual
040 _aCRL
_cCRL
_bpan
041 _2pan
_apan
082 _aM77, 153Q3
100 _aਮਠਾਰੂ, ਮਨਦੀਪ ਕੌਰ
245 0 _aਪੱਖੀ
_b ਬਣਤਰ ਤੇ ਪ੍ਰਕਾਰਜ
260 _aਅੰਮ੍ਰਿਤਸਰ
_bਰਵੀ ਸਾਹਿਤ ਪ੍ਰਕਾFਨ ਭਾਰਤ
_c2013
942 _hM77, 153Q3
_cTEXL
_2cc
999 _c1024223
_d1024223